000 00829cam a2200265u 4500
001 17242
003 BD-RjUL
005 20211209000117.0
008 140216s1965 enka 001 0 eng
035 _a(BD-RjUL)17300
040 _aDLC
_cCarP
_dBD-RjUL
_beng
041 _aeng
082 0 0 _a668.4225
_bGOP 1965
100 1 _aGoodman, Isaac.
_953163
245 0 0 _aPolyesters /
_cI. Goodman and J. A. Rhys.
_nvolume I :
_psaturated polymers
260 _aLondon ;
_bPublished for the Plastics Institute by Iliffe Books ;
_aNew York :
_bAmerican Elsevier Pub. Co.,
_cc1965.
300 _a158 p. :
_billus. ;
_c23 cm.
500 _aIncludes index.
650 0 _aPolyesters.
_940265
700 1 _aRhys, J. A.
_953164
710 2 _aPlastics Institute.
_952006
942 _2ddc
_cBK
999 _c17242
_d17242